Word Ladder: Best Actress Oscar Quiz Stats

Quiz Updated Nov 15, 2014

Challenge
Share
Tweet
Embed
Score 0/31 Timer 03:00
2 Plays Today
Clue 4-Letter Word % Correct
★ ____ Winslet in ''The Reader'' (2008) ★●KATE●
95.9%
Price for a taxi rideFARE
95.1%
1968 Beatles' song: ''Hey ____''JUDE
94.9%
''Citizen ____'' (1941)KANE
94.7%
Walking stickCANE
94.2%
Star of ''Leaving Las Vegas'' (1995) Nicolas ____CAGE
93.6%
★ ____ Blanchett in 'Blue Jasmine (2013) ★●CATE●
93.3%
Female horseMARE
93.3%
★ Helen ____ in ''As Good As It Gets'' (1997) ★●HUNT●
90.1%
Single plate of glass in a windowPANE
89.8%
★ ____ Dunaway in ''Network'' (1976) ★●FAYE●
89.5%
Impolite, especially in a deliberate wayRUDE
89.3%
A clueHINT
88.3%
Unwanted belly button fillerLINT
88.2%
Attractive; charmingCUTE
87.4%
★ ____ Pickford in ''Coquette'' (1928/1929) ★●MARY●
85.4%
Clue 4-Letter Word % Correct
★ Geraldine ____ in ''The Trip to Bountiful'' ('85) ★●PAGE●
85.4%
Uncle's mateAUNT
84.5%
A queue, to an AmericanLINE
84.4%
Strong fiber in burlapJUTE
82.8%
★____ Holliday in ''Born Yesterday'' (1950) ★●JUDY●
80.7%
1993 movie about Notre Dame footballRUDY
80.3%
★ ____ Wyman in ''Johnny Belinda'' (1948) ★●JANE●
78.4%
★ ____ Bancroft in ''The Miracle Worker'' (1962) ★●ANNE●
78.2%
Lawn toolRAKE
74.6%
Big-mouthed comedienne MarthaRAYE
73.4%
A moon-shaped figureLUNE
70.7%
Slang for a psychedelic drugLUDE
70.3%
''The Law and ____ Wade'' (1958)JAKE
63.9%
Old French measurement for fabrics,
equal to 119 cm.
AUNE
63.2%
★ ____ Magnani in ''The Rose Tattoo'' (1955) ★●ANNA●
53.6%

Today's Daily Dose

You're not logged in!

Compare scores with friends on all Sporcle quizzes.
Sign Up with Email
OR
Log In

You Might Also Like...

Show Comments

Extras

Top Quizzes Today


Score Distribution

Your Account Isn't Verified!

In order to create a playlist on Sporcle, you need to verify the email address you used during registration. Go to your Sporcle Settings to finish the process.